| 000 | 00490cam a2200181ua 4500 | ||
|---|---|---|---|
| 020 | _cRs 8.00 | ||
| 041 |
_aeng _h |
||
| 082 |
_a621.8042 _bZIN/AM |
||
| 100 | _aZink, Harold . | ||
| 245 |
_aAmerican govt. and politics: National, state and local / _cHarold Zink. _hTextual Documents |
||
| 250 |
_a1 / _b. |
||
| 260 |
_aNew Delhi : _bAffiliated East West Press Pvt Ltd , _c1967. |
||
| 300 | _a446 ; . | ||
| 365 | _aRs 8.00 | ||
| 504 | _a | ||
| 942 | _cBK | ||
| 999 |
_c4115 _d4115 |
||